Statystyki dla Sport Trivia - Stany Zjednoczone

Kliknij tutaj aby rozwiązać quiz!

Ogólne statystyki

  • Ten quiz został rozwiązany 25 razy
  • Średni wynik to 12 z 22

Statystyki odpowiedzi

PodpowiedźOdpowiedź% Poprawnych
Jak nazywa się amerykańska liga piłkarska?MLS
95%
Jak nazywa się liga futbolu amerykańskiego?NFL
90%
Jaki zespół zdobył nawięcej mistrzostw NBA?Boston Celtics/Los Angeles Lakers
86%
Jaki były koszykarz zmarł w katastrofie helikoptera w styczniu 2020 roku?Kobe Bryant
81%
W jakim mieście odbędą się letnie IO w 2024 roku?Los Angeles
81%
Sportowiec z największa ilością medali zdobytych podczas IOMichael Phelps
81%
Ile razy piłkarki USA zdobywały Mistrzostwo Świata?4
76%
Pod jaką nazwą znany jest finał wyżej wymienionych rozgrywekSuper Bowl
76%
Ile zespołów z USA gra w lidze NHL?25
67%
Powyższa liga została założona przez 10 zespołów. Wymień jeden z nich (podpowiedź: jeden z zespołów rozpadł się w 2001 roku)Tampa Bay Mutiny/Columbus Crew/D.C. United/New England Revolution/New York Red Bulls/Colorado Rapids/FC Dallas/Sporting Kansas City/Los Angeles Galaxy/San Jose Earthquakes
57%
Jakie amerykańskie miasto było gospodarzem zimowych IO w 2002 roku?Salt Lake City
52%
Najlepsza strzelczyni w historii reprezentacji USAAlex Morgan
48%
Najlepszy strzelec w historii reprezentacji USAClint Dempsey/Landon Donovan
48%
Jaki znany niemiecki trener był selekcjonerem piłkarskiej reprezentacji USA pomiędzy 2011 a 2016 rokiem?Jurgen Klinsmann
48%
W którym roku piłkarska reprezentacja USA osiągnęła najlepszy wynik (ćwierćfinał)?2002
43%
Amerykańska piłkarka znana z walki o równe płace z piłkarzamiMeghan Rapinoe
38%
Rekordzista USA w biegu na 100 metrówTyson Gay
29%
Lider pod względem zdobytych punktów w historii NBAKarem Abdul-Jabbar
24%
Podaj największe miasto bez drużyny w tzw. Big 4 LeaguesAustin
19%
Najnowszy zespół w piłkarskiej lidze USA dołączył w roku 2022. Z jakiego miasta pochodzi ta drużyna?Charlotte
19%
Obecnym mistrzem NHL jest drużyna z jakiego miasta?Tampa Bay
19%
Ile (do najbliższej setki) medali zdobyli reprezentanci USA na letnich IO w historii?2500
14%

Rozkład punktacji

Percentyl według liczby udzielonych odpowiedzi

Procent ludzi z każdym wynikiem

Twoja historia wyników

Nie rozwiązałeś tego quizu